<?xml version="1.0" encoding="UTF-8"?>
<collection xmlns="http://www.loc.gov/MARC21/slim">
 <record>
  <leader>03380nam a2200421 a 4500</leader>
  <controlfield tag="001">1/49375</controlfield>
  <controlfield tag="008">200619s2020    gr            00010 gre  </controlfield>
  <datafield tag="020" ind1=" " ind2=" ">
   <subfield code="a">9786188379572</subfield>
   <subfield code="q">(set)</subfield>
  </datafield>
  <datafield tag="020" ind1=" " ind2=" ">
   <subfield code="a">9786188379558 </subfield>
   <subfield code="q">(τ. 1)</subfield>
  </datafield>
  <datafield tag="020" ind1=" " ind2=" ">
   <subfield code="a">9786188379565 </subfield>
   <subfield code="q">(τ. 2)</subfield>
  </datafield>
  <datafield tag="035" ind1=" " ind2=" ">
   <subfield code="l">52377</subfield>
  </datafield>
  <datafield tag="040" ind1=" " ind2=" ">
   <subfield code="a">GR-PeUP</subfield>
  </datafield>
  <datafield tag="082" ind1="0" ind2="0">
   <subfield code="a">343.052 ΣΤΑ</subfield>
  </datafield>
  <datafield tag="100" ind1="1" ind2=" ">
   <subfield code="a">Σταματόπουλος, Δημήτρης.</subfield>
  </datafield>
  <datafield tag="245" ind1="1" ind2="0">
   <subfield code="a">Φορολογία εισοδήματος φυσικών και νομικών προσώπων :</subfield>
   <subfield code="b">ανάλυση - ερμηνεία /</subfield>
   <subfield code="c">Δημήτρης Σταματόπουλος, Αντώνης Καραβοκύρης ; συμβολή &amp; επιμέλεια Διονυσία - Διώνη Αντ. Καραβοκύρη.</subfield>
  </datafield>
  <datafield tag="250" ind1=" " ind2=" ">
   <subfield code="a">3η έκδοση.</subfield>
  </datafield>
  <datafield tag="260" ind1="0" ind2=" ">
   <subfield code="a">Αθήνα :</subfield>
   <subfield code="b">Εκδόσεις &quot;FORIN Σταματόπουλος&quot;,</subfield>
   <subfield code="c">2020.</subfield>
  </datafield>
  <datafield tag="300" ind1=" " ind2=" ">
   <subfield code="a">2 τ. (1-1070· 1077-2111 σ.) ;</subfield>
   <subfield code="c">24 εκ.</subfield>
  </datafield>
  <datafield tag="500" ind1=" " ind2=" ">
   <subfield code="a">Από το εξώφυλλο: Πλήρης κωδικοποίηση του ΚΦΕ (ν.4172/2013), όπως ισχύει - Αναλυτική θεματική ερμηνεία σε κάθε άρθρο με τη μορφή Ερώτηση-Απάντηση - Βασικές έννοιες και επισημάνσεις σε κάθε άρθρο. Παραδείγματα - Αποφάσεις, Εγκύκλιοι, Οδηγίες και σχετική Νομολογία - Συνδυαστική ανάλυση με ΕΛΠ, ΚΦΔ και ΦΠΑ - Αναλυτικό αλφαβητικό και θεματικό ευρετήριο - Ενημερωμένο μέχρι και Μάιο 2020.</subfield>
  </datafield>
  <datafield tag="504" ind1=" " ind2=" ">
   <subfield code="a">Περιλαμβάνει βιβλιογραφία.</subfield>
  </datafield>
  <datafield tag="500" ind1=" " ind2=" ">
   <subfield code="a">Περιέχει αλφαβητικό ευρετήριο.</subfield>
  </datafield>
  <datafield tag="505" ind1="0" ind2=" ">
   <subfield code="a">Τ. 1. Άρθρα 1 - 41 -- Τ. 2. Άρθρα 42 - 72.</subfield>
  </datafield>
  <datafield tag="650" ind1=" " ind2="4">
   <subfield code="a">Φορολογία</subfield>
   <subfield code="x">Δίκαιο και νομοθεσία</subfield>
   <subfield code="z">Ελλάδα.</subfield>
  </datafield>
  <datafield tag="650" ind1=" " ind2="4">
   <subfield code="a">Φόρος εισοδήματος</subfield>
   <subfield code="x">Δίκαιο και νομοθεσία</subfield>
   <subfield code="z">Ελλάδα.</subfield>
  </datafield>
  <datafield tag="650" ind1=" " ind2="0">
   <subfield code="a">Taxation</subfield>
   <subfield code="x">Law and legislation</subfield>
   <subfield code="z">Greece.</subfield>
  </datafield>
  <datafield tag="650" ind1=" " ind2="0">
   <subfield code="a">Income tax</subfield>
   <subfield code="x">Law and legislation</subfield>
   <subfield code="z">Greece.</subfield>
  </datafield>
  <datafield tag="700" ind1="1" ind2=" ">
   <subfield code="a">Καραβοκύρης, Αντώνης.</subfield>
  </datafield>
  <datafield tag="700" ind1="1" ind2=" ">
   <subfield code="a">Καραβοκύρη, Διονυσία-Διώνη Αντ.</subfield>
  </datafield>
  <datafield tag="852" ind1=" " ind2=" ">
   <subfield code="a">INST</subfield>
   <subfield code="b">UNIPILB</subfield>
   <subfield code="c">EUDOXOS</subfield>
   <subfield code="e">20210512</subfield>
   <subfield code="h">343.052 ΣΤΑ</subfield>
   <subfield code="p">00183178</subfield>
   <subfield code="q">00183178</subfield>
   <subfield code="t">LOAN</subfield>
   <subfield code="v">τομ.2:</subfield>
   <subfield code="y">0</subfield>
   <subfield code="4">1</subfield>
  </datafield>
  <datafield tag="852" ind1=" " ind2=" ">
   <subfield code="a">INST</subfield>
   <subfield code="b">UNIPILB</subfield>
   <subfield code="c">EUDOXOS</subfield>
   <subfield code="e">20210512</subfield>
   <subfield code="h">343.052 ΣΤΑ</subfield>
   <subfield code="p">00185130</subfield>
   <subfield code="q">00185130</subfield>
   <subfield code="t">LOAN</subfield>
   <subfield code="v">τομ.1:</subfield>
   <subfield code="y">0</subfield>
   <subfield code="4">2</subfield>
  </datafield>
  <datafield tag="852" ind1=" " ind2=" ">
   <subfield code="a">INST</subfield>
   <subfield code="b">UNIPILB</subfield>
   <subfield code="c">EUDOXOS</subfield>
   <subfield code="e">20210512</subfield>
   <subfield code="h">343.052 ΣΤΑ</subfield>
   <subfield code="p">00185131</subfield>
   <subfield code="q">00185131</subfield>
   <subfield code="t">LOAN</subfield>
   <subfield code="v">τομ.1:</subfield>
   <subfield code="y">0</subfield>
   <subfield code="4">3</subfield>
  </datafield>
  <datafield tag="852" ind1=" " ind2=" ">
   <subfield code="a">INST</subfield>
   <subfield code="b">UNIPILB</subfield>
   <subfield code="c">EUDOXOS</subfield>
   <subfield code="e">20210512</subfield>
   <subfield code="h">343.052 ΣΤΑ</subfield>
   <subfield code="p">00185132</subfield>
   <subfield code="q">00185132</subfield>
   <subfield code="t">LOAN</subfield>
   <subfield code="v">τομ.1:</subfield>
   <subfield code="y">4</subfield>
   <subfield code="x">20230409</subfield>
   <subfield code="4">4</subfield>
  </datafield>
  <datafield tag="852" ind1=" " ind2=" ">
   <subfield code="a">INST</subfield>
   <subfield code="b">UNIPILB</subfield>
   <subfield code="c">EUDOXOS</subfield>
   <subfield code="e">20210512</subfield>
   <subfield code="h">343.052 ΣΤΑ</subfield>
   <subfield code="p">00185133</subfield>
   <subfield code="q">00185133</subfield>
   <subfield code="t">LOAN</subfield>
   <subfield code="v">τομ.2:</subfield>
   <subfield code="y">0</subfield>
   <subfield code="4">2</subfield>
  </datafield>
  <datafield tag="852" ind1=" " ind2=" ">
   <subfield code="a">INST</subfield>
   <subfield code="b">UNIPILB</subfield>
   <subfield code="c">EUDOXOS</subfield>
   <subfield code="e">20210512</subfield>
   <subfield code="h">343.052 ΣΤΑ</subfield>
   <subfield code="p">00185134</subfield>
   <subfield code="q">00185134</subfield>
   <subfield code="t">LOAN</subfield>
   <subfield code="v">τομ.2:</subfield>
   <subfield code="y">0</subfield>
   <subfield code="4">3</subfield>
  </datafield>
  <datafield tag="852" ind1=" " ind2=" ">
   <subfield code="a">INST</subfield>
   <subfield code="b">UNIPILB</subfield>
   <subfield code="c">EUDOXOS</subfield>
   <subfield code="e">20210512</subfield>
   <subfield code="h">343.052 ΣΤΑ</subfield>
   <subfield code="p">00185135</subfield>
   <subfield code="q">00185135</subfield>
   <subfield code="t">LOAN</subfield>
   <subfield code="v">τομ.2:</subfield>
   <subfield code="y">0</subfield>
   <subfield code="4">4</subfield>
  </datafield>
  <datafield tag="852" ind1=" " ind2=" ">
   <subfield code="a">INST</subfield>
   <subfield code="b">UNIPILB</subfield>
   <subfield code="c">MAIN</subfield>
   <subfield code="e">20210414</subfield>
   <subfield code="h">343.052 ΣΤΑ</subfield>
   <subfield code="p">00183177</subfield>
   <subfield code="q">00183177</subfield>
   <subfield code="t">LOAN</subfield>
   <subfield code="v">τομ.1:</subfield>
   <subfield code="y">0</subfield>
   <subfield code="4">1</subfield>
  </datafield>
  <datafield tag="853" ind1=" " ind2=" ">
   <subfield code="a">INST</subfield>
   <subfield code="b">UNIPILB</subfield>
   <subfield code="c">EUDOXOS</subfield>
   <subfield code="h">343.052 ΣΤΑ</subfield>
   <subfield code="l">τομ.1-τομ.2</subfield>
  </datafield>
  <datafield tag="853" ind1=" " ind2=" ">
   <subfield code="a">INST</subfield>
   <subfield code="b">UNIPILB</subfield>
   <subfield code="c">MAIN</subfield>
   <subfield code="h">343.052 ΣΤΑ</subfield>
   <subfield code="l">τομ.1</subfield>
  </datafield>
 </record>
</collection>
